Humanizace práce v SRN.

Program humanizácie práce (PHP) bol vyhlásený v SRN v r. 1974. Sledoval dve stratégie: rozšíriť sieť sociálnych istôt a ochrany pracovnej sily a starostlivosti o kontinuálne zlepšovanie pracovných podmienok a podporiť produktívnu silu samotnej práce a tým prispieť k modernizácii národného hospodárst...

Full description

Saved in:
Bibliographic Details
Main Author: Hájek, Ladislav
Format: Book Chapter
Language:Czech
Subjects:
Tags: Add Tag
No Tags, Be the first to tag this record!

MARC

LEADER 00000naa a2200000 4500
001 r006375
005 20221125080744.3
041 0 |a cze 
044 |a [CS] 
245 1 0 |a Humanizace práce v SRN.  |c Ladislav Hájek 
520 |a Program humanizácie práce (PHP) bol vyhlásený v SRN v r. 1974. Sledoval dve stratégie: rozšíriť sieť sociálnych istôt a ochrany pracovnej sily a starostlivosti o kontinuálne zlepšovanie pracovných podmienok a podporiť produktívnu silu samotnej práce a tým prispieť k modernizácii národného hospodárstva a zvýšiť jeho konkurenčnú schopnosť. Charakteristika základných cieľov PHP a politiky štátnej podpory tohto programu. 
610 2 0 |a humanizácia práce 
610 2 0 |a Nemecko 
610 2 0 |a 1974 
610 2 0 |a politika sociálna 
610 2 0 |a podmienky pracovné 
610 2 0 |a ochrana pracovníkov 
610 2 0 |a modernizácia 
100 1 |a Hájek, Ladislav